| 000 | 00992nam a2200229 i 4500 | ||
|---|---|---|---|
| 001 | 181801 | ||
| 003 | ES-MaACL | ||
| 005 | 20230906221446.0 | ||
| 008 | 130327s1929 sp | |||| ||spa d | ||
| 080 | _a904(460.237 T.):7.032.7 | ||
| 100 | 1 |
_aSerra i Vilaró, J. _9105638 |
|
| 245 | 1 | 0 |
_aExcavaciones en la necrópolis romano-cristiana de Tarragona _b: memoria / _credactada por ... Don Juan Serra Vilaró. |
| 260 |
_aMadrid : _b[s.n.], _c1929 ( _fImpr. de Archivos) |
||
| 300 |
_a150 p., LXXXVIII h. de lám., 1 plano pleg. ; _c24 cm. |
||
| 490 | 1 |
_aJunta superior de Excavaciones y Antigüedades ; _vn. 104 = n. 6, 1928 |
|
| 650 | 4 |
_aExcavaciones arqueológicas- _zTarragona. _9152536 |
|
| 651 | 4 |
_aTarragona- _xRestos arqueológicos romanos. _9138363 |
|
| 710 | 2 |
_aEspaña. _bJunta Superior de Excavaciones y Antigüedades. _9152463 |
|
| 830 | 0 |
_aJunta superior de Excavaciones y Antigüedades ; _vn. 104 = n. 6, 1928 _9191570 |
|
| 852 |
_aES-MaACL _jE-3377(6) |
||
| 999 |
_c181801 _d181801 |
||